|
|
|
|
| LEADER |
01612nam a2200241 a 4500 |
| 001 |
2142893 |
| 008 |
091011s1998 nyua b 000 0 eng d |
| 010 |
|
|
|a 98028679
|
| 020 |
|
|
|a 0878340912 (pbk.)
|
| 040 |
|
|
|a DLC
|c DLC
|d DLC
|
| 082 |
0 |
0 |
|a 363.9/09172/4
|2 21
|
| 245 |
0 |
0 |
|a Do population policies matter? :
|b fertility and politics in Egypt, India, Kenya, and Mexico /
|c Anrudh Jain, editor.
|
| 260 |
|
|
|a New York :
|b Population Council,
|c c1998.
|
| 300 |
|
|
|a xix, 203 p. :
|b ill. ;
|c 26 cm.
|
| 504 |
|
|
|a Includes bibliographical references.
|
| 541 |
1 |
|
|e 00006573
|
| 505 |
8 |
|
|a Machine generated contents note: 1 POPULATION POLICIES THAT MATTER 1 -- Anrudh Jain --2 EGYPT'S POPULATION POLICY: THE LONG 19 -- MARCH OF STATE AND CIVIL SOCIETY -- Saad Eddin Ibrahim and Barbara Lethem Ibrahim 3 INDIA'S POPULATION POLICY AND FAMILY 53 -- PLANNING PROGRAM: YESTERDAY, TODAY, -- AND TOMORROW -- Pravin Visaria and Vijaylaxmi Chari --4 KENYA'S POPULATION POLICY: FROM APATHY 113 -- TO EFFECTIVENESS -- Ayorinde Ajayi and John Kekovole --5 MEXICO'S POPULATION POLICY AND DEMOGRAPHIC 157 -- DYNAMICS: THE RECORD OF THREE DECADES -- Carlos Brambila --6 THE FUTURE OF POPULATION POLICIES 193 -- Anrudh Jain.
|
| 651 |
|
0 |
|a Developing countries
|x Population policy.
|
| 650 |
|
0 |
|a Fertility, Human
|z Developing countries.
|
| 700 |
1 |
|
|a Jain, Anrudh K.
|
| 852 |
4 |
|
|a Ayesha Abed Library
|j General Shelf.
|
| 999 |
|
|
|c 4392
|d 4392
|
| 952 |
|
|
|0 0
|1 0
|2 ddc
|4 0
|6 363_909172400000000_DOP_1998
|7 0
|9 4092
|a BRACUL
|b BRACUL
|c GEN
|d 2009-10-11
|g 0.00
|l 0
|o 363.9091724 DOP
|p 3010006573
|r 2009-10-11
|t 1
|w 2009-10-11
|y BK
|x No price found in the accession register.
|